000 00660nam a2200193Ia 4500
003 GCL
008 140319s9999 xx 000 0 ara d
040 _aGCL /
_cGCL
082 0 4 _a709.05
_bم ب
100 1 _aمديرية الاثار القديمة
245 1 0 _aبقايا القصر العباسى: قلعة بغداد /
_cمديرية الاثار القديمة
300 _a32 ص
490 _aالهيئة العامة للاستعلامات
_v0
650 0 4 _aالعمارة الاسلامية
650 0 4 _aالاثار الاسلامية
650 0 4 _aالقصور الاسلامية
650 0 4 _aالفن الاسلامى
942 _2ddc
_cBK
999 _c50494
_d50494